[Event "Schools-U15-17Open"]
[Site "Tehran2016"]
[Date "2016.07.10"]
[Round "3.8"]
[White "Hejrati, Mohammad Mahdi"]
[Black "Abbasi, Danial"]
[Result "1-0"]
[BlackElo "1819"]
[WhiteElo "1898"]
[LiveChessVersion "1.4.8"]

1. e4 c5 2. c3 g6 3. d4 cxd4 4. cxd4 d5 5. exd5 Nf6 6. Nf3 Bg7 7. Nc3 Nxd5 8. Qb3
Nb6 9. Bb5+ Bd7 10. Be3 O-O 11. O-O Be6 12. Qc2 a6 13. Bd3 Nc6 14. Be2 Rc8 15.
Rad1 Nd5 16. Qd2 Nxe3 17. Qxe3 Bg4 18. d5 Nb8 19. h3 Bxf3 20. Bxf3 Qd6 21. Ne4
Qe5 22. b3 Nd7 23. Rc1 Rxc1 24. Rxc1 f5 25. Ng5 Qxe3 26. fxe3 Bh6 27. h4 Ne5 28.
Rc7 b5 29. Rxe7 Nxf3+ 30. gxf3 Rd8 31. e4 Bxg5 32. hxg5 Rc8 33. d6 Rd8 34. e5 1-0

[Event "Schools-U15-17Open"]
[Site "Tehran2016"]
[Date "2016.07.10"]
[Round "3.9"]
[White "Daghli, Arash"]
[Black "Hayati, Amirhosein"]
[Result "1-0"]
[BlackElo "1786"]
[WhiteElo "2024"]
[LiveChessVersion "1.4.8"]

1. d4 {[%clk 0:15:18]} d5 {[%clk 0:15:11]} 2. c4 {[%clk 0:15:27]} e6
{[%clk 0:15:20]} 3. Nf3 {[%clk 0:15:31]} Nf6 {[%clk 0:15:28]} 4. g3
{[%clk 0:15:39]} c5 {[%clk 0:15:36]} 5. cxd5 {[%clk 0:15:39]} exd5
{[%clk 0:15:44]} 6. Bg2 {[%clk 0:15:48]} Be6 {[%clk 0:15:50]} 7. O-O
{[%clk 0:15:54]} Nc6 {[%clk 0:15:58]} 8. Nc3 {[%clk 0:15:57]} cxd4
{[%clk 0:16:06]} 9. Nxd4 {[%clk 0:16:04]} Bc5 {[%clk 0:15:59]} 10. Be3
{[%clk 0:15:37]} Bxd4 {[%clk 0:15:47]} 11. Bxd4 {[%clk 0:15:46]} Nxd4
{[%clk 0:15:56]} 12. Qxd4 {[%clk 0:15:55]} Qb6 {[%clk 0:15:18]} 13. Qxb6
{[%clk 0:15:44]} axb6 {[%clk 0:15:27]} 14. Rfd1 {[%clk 0:15:53]} Rd8
{[%clk 0:14:10]} 15. Rd4 {[%clk 0:16:02]} O-O {[%clk 0:13:23]} 16. Rad1
{[%clk 0:16:11]} Rd7 {[%clk 0:12:50]} 17. Rb4 {[%clk 0:15:24]} Rfd8
{[%clk 0:10:57]} 18. Rxb6 {[%clk 0:13:42]} d4 {[%clk 0:10:08]} 19. Na4
{[%clk 0:08:51]} Bxa2 {[%clk 0:06:57]} 20. Rxb7 {[%clk 0:07:38]} Rxb7
{[%clk 0:07:02]} 21. Bxb7 {[%clk 0:07:47]} Bb3 22. Ra1 Bxa4 {[%clk 0:06:30]} 23.
Rxa4 {[%clk 0:08:05]} Kf8 {[%clk 0:06:39]} 24. Ba6 {[%clk 0:07:44]} Ra8
{[%clk 0:05:40]} 25. Ra3 {[%clk 0:06:15]} Ne4 {[%clk 0:04:57]} 26. Bd3
{[%clk 0:06:02]} Rxa3 {[%clk 0:04:49]} 27. bxa3 {[%clk 0:06:11]} Nc5
{[%clk 0:04:57]} 28. Kf1 {[%clk 0:06:12]} h6 {[%clk 0:05:04]} 29. Ke1
{[%clk 0:06:20]} Ke7 {[%clk 0:05:12]} 30. Kd2 {[%clk 0:06:07]} Kd6
{[%clk 0:04:13]} 31. Bc4 {[%clk 0:06:04]} f6 {[%clk 0:04:18]} 32. f4
{[%clk 0:05:12]} f5 {[%clk 0:03:12]} 33. e3 {[%clk 0:04:30]} Ne4+
{[%clk 0:02:08]} 34. Kd3 {[%clk 0:04:40]} dxe3 {[%clk 0:02:17]} 35. Kxe3
{[%clk 0:04:45]} Kc5 {[%clk 0:02:01]} 36. Be6 {[%clk 0:04:42]} Nd6
{[%clk 0:02:02]} 37. Kd3 {[%clk 0:04:45]} Nb5 {[%clk 0:01:26]} 38. a4
{[%clk 0:04:12]} Nd4 {[%clk 0:01:11]} 39. Bd7 {[%clk 0:04:04]} Kd5
{[%clk 0:00:56]} 40. Bc8 {[%clk 0:01:50]} g6 {[%clk 0:00:37]} 41. a5
{[%clk 0:01:37]} Nc6 {[%clk 0:00:27]} 42. Bb7 {[%clk 0:01:43]} 1-0

[Event "Schools-U15-17Open"]
[Site "Tehran2016"]
[Date "2016.07.10"]
[Round "3.10"]
[White "Jahedi, Mani"]
[Black "Saberi, Mahan"]
[Result "0-1"]
[BlackElo "1971"]
[WhiteElo "1737"]
[LiveChessVersion "1.4.8"]

1. e4 {[%clk 0:15:08]} c5 {[%clk 0:15:19]} 2. Nf3 {[%clk 0:15:17]} Nc6
{[%clk 0:15:29]} 3. Bb5 {[%clk 0:15:26]} g6 {[%clk 0:15:36]} 4. O-O
{[%clk 0:15:06]} Bg7 {[%clk 0:15:44]} 5. Re1 {[%clk 0:15:15]} e6 {[%clk 0:15:25]}
6. c3 {[%clk 0:15:16]} Nge7 {[%clk 0:15:34]} 7. d4 {[%clk 0:15:19]} cxd4
{[%clk 0:15:26]} 8. cxd4 {[%clk 0:15:27]} Qb6 {[%clk 0:15:27]} 9. Bxc6
{[%clk 0:13:43]} Nxc6 {[%clk 0:15:35]} 10. e5 {[%clk 0:13:50]} d6
{[%clk 0:13:37]} 11. Nc3 {[%clk 0:10:19]} dxe5 {[%clk 0:12:11]} 12. d5
{[%clk 0:08:37]} exd5 {[%clk 0:10:51]} 13. Nxd5 {[%clk 0:08:46]} Qd8
{[%clk 0:10:53]} 14. Bg5 {[%clk 0:02:47]} f6 {[%clk 0:09:29]} 15. Nxe5
{[%clk 0:02:31]} O-O {[%clk 0:09:10]} 16. Nxc6 {[%clk 0:00:56]} bxc6
{[%clk 0:09:18]} 17. Ne7+ {[%clk 0:00:48]} Kh8 {[%clk 0:09:19]} 18. Nxc8
{[%clk 0:00:20]} Qxc8 {[%clk 0:09:16]} 19. Be3 {[%clk 0:00:26]} Qf5
{[%clk 0:08:38]} 20. Qa4 {[%clk 0:00:23]} Qb5 {[%clk 0:08:34]} 21. Qc2
{[%clk 0:00:17]} f5 {[%clk 0:08:36]} 22. Rab1 {[%clk 0:00:27]} f4
{[%clk 0:08:30]} 23. Bc5 {[%clk 0:00:36]} Rf5 {[%clk 0:08:39]} 24. b4
{[%clk 0:00:42]} a5 {[%clk 0:07:17]} 25. a4 {[%clk 0:00:21]} Qb7 {[%clk 0:06:41]}
26. bxa5 {[%clk 0:00:20]} Qc8 {[%clk 0:06:46]} 27. Bb6 {[%clk 0:00:13]} f3
{[%clk 0:06:49]} 28. Rbd1 {[%clk 0:00:21]} Bf6 {[%clk 0:06:29]} 29. Rd6
{[%clk 0:00:13]} Rg5 {[%clk 0:05:24]} 30. Rxf6 {[%clk 0:00:12]} Qh3
{[%clk 0:05:22]} 31. Rf8+ {[%clk 0:00:12]} Kg7 {[%clk 0:03:55]} 32. Rf7+
{[%clk 0:00:11]} Kh6 {[%clk 0:03:34]} 33. Rxh7+ {[%clk 0:00:20]} Kxh7
{[%clk 0:03:43]} 34. Re7+ {[%clk 0:00:29]} Kh6 {[%clk 0:03:51]} 0-1

[Event "Schools-U15-17Open"]
[Site "Tehran2016"]
[Date "2016.07.10"]
[Round "3.11"]
[White "Mohammadi, Pouya"]
[Black "Thilakarathne, G M H"]
[Result "1-0"]
[BlackElo "1717"]
[WhiteElo "1920"]
[LiveChessVersion "1.4.8"]

1. Nf3 d5 2. g3 Nf6 3. Bg2 e6 4. d3 Be7 5. O-O O-O 6. Nbd2 c5 7. e4 Nc6 8. Re1
Qc7 9. e5 Nd7 10. Qe2 b5 11. Nf1 a5 12. Bf4 b4 13. h4 Ba6 14. Ne3 Rfe8 15. Ng5
Bxg5 16. hxg5 Nd4 17. Qh5 Qa7 18. Kh2 Kf8 19. c3 Nc6 20. c4 Ncxe5 21. cxd5 Bxd3
22. dxe6 Rxe6 23. Bxe5 Nxe5 24. f4 Bg6 25. Qh3 Nd3 26. Bxa8 Qxa8 27. f5 Nxe1 28.
Rxe1 Bxf5 29. Qxf5 Kg8 30. Rf1 Qe8 31. Rf3 h6 32. Qxc5 hxg5 33. Qxg5 Re5 34. Nf5
g6 35. Nh6+ Kh7 36. Rxf7+ Qxf7 37. Nxf7 Rxg5 38. Nxg5+ 1-0

[Event "Schools-U15-17Open"]
[Site "Tehran2016"]
[Date "2016.07.10"]
[Round "3.12"]
[White "Nurmamedov, Azat"]
[Black "Nazari, Arad"]
[Result "1-0"]
[BlackElo "1889"]
[WhiteElo "1691"]
[LiveChessVersion "1.4.8"]

1. e4 c5 2. Nf3 a6 3. c4 e6 4. Nc3 Nc6 5. d4 cxd4 6. Nxd4 Bc5 7. Nb3 Bb4 8. Be2
Nf6 9. Qc2 O-O 10. O-O Bxc3 11. bxc3 Qc7 12. Rd1 b6 13. Ba3 Rd8 14. Bd6 Qa7 15.
c5 b5 16. a4 b4 17. cxb4 Nxb4 18. Qc3 Nc6 19. Bd3 a5 20. Nd4 Ba6 21. Nb5 Qb7 22.
Rab1 Nb4 23. Be7 Rdb8 24. Bxf6 gxf6 25. Qxf6 Bxb5 26. Bxb5 Qxe4 27. Rb3 Nd5 28.
Qg5+ Kf8 29. Rf3 Qg6 30. Qe5 Qc2 31. Qd6+ Kg8 32. Rg3+ Kh8 33. Rxd5 Rf8 34. Rd2
Qa2 35. Rxa2 1-0

[Event "Schools-U15-17Open"]
[Site "Tehran2016"]
[Date "2016.07.10"]
[Round "4.1"]
[White "Tahbaz, Arash"]
[Black "Molaei, Mohammadamin"]
[Result "0-1"]
[BlackElo "2151"]
[WhiteElo "2138"]
[LiveChessVersion "1.4.8"]

1. e4 c5 2. Nf3 g6 3. d4 cxd4 4. Nxd4 Nc6 5. c4 Nf6 6. Nc3 d6 7. Nc2 Bg7 8. Be2
O-O 9. O-O Be6 10. Ne3 Rc8 11. Rb1 Nd7 12. f4 Na5 13. Ncd5 Bxd5 14. exd5 Qb6 15.
Kh1 Nc5 16. b4 Ne4 17. Qd3 Nc3 18. Bd2 Nxb1 19. bxa5 Qd4 20. Rxb1 Qxf4 21. Rxb7
Rb8 22. Rxa7 Rb2 23. Nf1 Qf2 24. Rxe7 Bd4 25. Ne3 Qf6 26. Re4 Be5 27. Ng4 Qd8 28.
Nxe5 dxe5 29. Bc3 Rxa2 30. Rxe5 Qh4 31. g3 Qh3 32. Bf1 Qxh2# 0-1

[Event "Schools-U15-17Open"]
[Site "Tehran2016"]
[Date "2016.07.10"]
[Round "4.2"]
[White "Sheykhali, Mohammadreza"]
[Black "Omidi, Arya"]
[Result "1-0"]
[BlackElo "2049"]
[WhiteElo "2092"]
[LiveChessVersion "1.4.8"]

1. e3 {[%clk 0:15:04]} Nf6 {[%clk 0:15:11]} 2. b3 {[%clk 0:15:13]} g6
{[%clk 0:15:11]} 3. Bb2 Bg7 4. c4 {[%clk 0:15:31]} O-O {[%clk 0:15:29]} 5. Nf3
{[%clk 0:15:41]} c6 {[%clk 0:14:53]} 6. Be2 {[%clk 0:15:48]} d5 {[%clk 0:15:02]}
7. d3 {[%clk 0:15:45]} Bf5 {[%clk 0:13:58]} 8. O-O {[%clk 0:15:50]} Nbd7
{[%clk 0:14:06]} 9. Nbd2 {[%clk 0:15:58]} Nc5 {[%clk 0:13:58]} 10. d4
{[%clk 0:12:44]} Nce4 {[%clk 0:14:00]} 11. Ne5 {[%clk 0:12:52]} Nxd2
{[%clk 0:12:42]} 12. Qxd2 {[%clk 0:13:01]} dxc4 {[%clk 0:11:54]} 13. Bxc4
{[%clk 0:12:44]} Nd7 {[%clk 0:11:01]} 14. Nxd7 {[%clk 0:11:45]} Qxd7 15. Rfe1
Rad8 {[%clk 0:10:07]} 16. Rad1 {[%clk 0:11:03]} Be6 {[%clk 0:09:54]} 17. e4
{[%clk 0:10:38]} Bxc4 {[%clk 0:07:42]} 18. bxc4 {[%clk 0:10:47]} Qc7
{[%clk 0:07:05]} 19. Qe2 {[%clk 0:10:21]} Qa5 {[%clk 0:06:42]} 20. a3
{[%clk 0:09:45]} Rd7 {[%clk 0:06:18]} 21. e5 e6 22. Rd3 {[%clk 0:09:03]} Rfd8
{[%clk 0:06:24]} 23. f4 {[%clk 0:06:00]} Qa4 {[%clk 0:05:43]} 24. Rh3
{[%clk 0:05:23]} b5 {[%clk 0:05:49]} 25. Rc1 {[%clk 0:03:46]} c5 {[%clk 0:04:48]}
26. d5 {[%clk 0:03:56]} exd5 {[%clk 0:04:56]} 27. e6 {[%clk 0:03:19]} Re7
{[%clk 0:04:29]} 28. Bxg7 {[%clk 0:02:37]} Kxg7 {[%clk 0:03:39]} 29. f5
{[%clk 0:02:39]} f6 {[%clk 0:01:22]} 30. Qe3 {[%clk 0:02:31]} dxc4
{[%clk 0:01:14]} 31. fxg6 {[%clk 0:01:42]} Rd1+ {[%clk 0:01:23]} 32. Kf2
{[%clk 0:01:51]} Kh8 {[%clk 0:00:36]} 33. Qf4 {[%clk 0:00:49]} Rxe6
{[%clk 0:00:11]} 34. Rxh7+ {[%clk 0:00:56]} 1-0

[Event "Schools-U15-17Open"]
[Site "Tehran2016"]
[Date "2016.07.10"]
[Round "4.3"]
[White "Akhgari, Reza"]
[Black "Rastbod, Ali"]
[Result "1-0"]
[BlackElo "2133"]
[WhiteElo "1939"]
[LiveChessVersion "1.4.8"]

1. d4 d5 2. c4 e6 3. Nf3 Nf6 4. g3 Bb4+ 5. Bd2 Bxd2+ 6. Nbxd2 O-O 7. Bg2 b6 8.
O-O Bb7 9. Ne5 Nbd7 10. Qc2 Nxe5 11. dxe5 Ng4 12. cxd5 Bxd5 13. e4 Bb7 14. Nf3
Qe7 15. h3 Nh6 16. Rfd1 Rfd8 17. Nd4 Qe8 18. Qxc7 Rd7 19. Qc2 Rc8 20. Qb3 Ba6 21.
Qa3 Bb7 22. Kh2 Qd8 23. Qa4 Qe8 24. Nf5 Bc6 25. Nxh6+ gxh6 26. Qa3 Rcd8 27. Rxd7
Qxd7 28. Rc1 Ba8 29. Qe3 Kg7 30. Qf4 Qe7 31. Qg4+ Kh8 32. Qh5 Kg7 33. Rc3 Qg5 34.
Qxg5+ hxg5 35. Rc7 a5 36. Ra7 Bc6 37. Ra6 Rd2 38. Rxb6 Ba8 39. f3 h5 40. Kg1 a4
41. a3 Kg6 42. Ra6 Bb7 43. Rxa4 Rd1+ 44. Kh2 Rd2 45. b4 g4 46. hxg4 hxg4 47. Kg1
Rd1+ 48. Kf2 Rd2+ 49. Kf1 Rd1+ 50. Ke2 Rb1 51. fxg4 Rb2+ 52. Kf3 Bc6 53. Ra5 Kg5
54. Rc5 Rb3+ 55. Kf2 Rb2+ 56. Ke3 Rb3+ 57. Kd4 Ba4 58. Ra5 Be8 59. Bf1 Kxg4 60.
b5 Kxg3 61. a4 Rb4+ 62. Bc4 Kf4 63. Ra8 Bd7 64. Rd8 f6 65. Rxd7 fxe5+ 66. Kc5
Rxa4 67. b6 Ra8 68. b7 Rb8 69. Bd3 Ke3 70. Bb1 1-0

[Event "Schools-U15-17Open"]
[Site "Tehran2016"]
[Date "2016.07.10"]
[Round "4.4"]
[White "Kashefi, Amir Hosein"]
[Black "Olimjonov, Sarvarbek"]
[Result "1-0"]
[BlackElo "1858"]
[WhiteElo "1962"]
[LiveChessVersion "1.4.8"]

1. d4 {[%clk 0:15:17]} c5 {[%clk 0:15:20]} 2. e3 {[%clk 0:15:25]} d5
{[%clk 0:15:29]} 3. Nf3 {[%clk 0:15:34]} Nc6 {[%clk 0:15:36]} 4. c3
{[%clk 0:15:43]} Bg4 {[%clk 0:15:44]} 5. Qb3 {[%clk 0:15:22]} Qd7
{[%clk 0:14:09]} 6. Ne5 {[%clk 0:15:27]} Nxe5 {[%clk 0:14:16]} 7. dxe5
{[%clk 0:15:36]} c4 {[%clk 0:13:27]} 8. Qc2 {[%clk 0:15:42]} e6 {[%clk 0:13:35]}
9. f3 {[%clk 0:15:45]} Bf5 {[%clk 0:13:41]} 10. e4 {[%clk 0:15:54]} Bg6
{[%clk 0:13:34]} 11. Be3 {[%clk 0:16:01]} dxe4 {[%clk 0:11:25]} 12. fxe4
{[%clk 0:15:42]} Qc6 {[%clk 0:10:16]} 13. Nd2 {[%clk 0:15:47]} b5
{[%clk 0:10:17]} 14. a4 {[%clk 0:15:56]} a6 {[%clk 0:10:26]} 15. axb5
{[%clk 0:16:05]} axb5 {[%clk 0:10:31]} 16. Rxa8+ {[%clk 0:15:51]} Qxa8
{[%clk 0:10:40]} 17. b3 {[%clk 0:16:00]} Qa1+ {[%clk 0:10:30]} 18. Kf2
{[%clk 0:16:08]} Nh6 {[%clk 0:08:58]} 19. h3 {[%clk 0:16:07]} Be7
{[%clk 0:08:41]} 20. bxc4 {[%clk 0:16:14]} bxc4 {[%clk 0:08:42]} 21. Bxc4
{[%clk 0:16:08]} Qa5 {[%clk 0:08:05]} 22. Bd4 {[%clk 0:12:59]} O-O
{[%clk 0:07:52]} 23. Rb1 {[%clk 0:13:06]} Bc5 {[%clk 0:07:02]} 24. Rb5
{[%clk 0:12:14]} Bxd4+ {[%clk 0:07:10]} 25. cxd4 {[%clk 0:12:21]} Qd8
{[%clk 0:05:59]} 26. Nf3 {[%clk 0:11:21]} Kh8 {[%clk 0:05:54]} 27. Qe2
{[%clk 0:11:07]} f5 {[%clk 0:05:22]} 28. exf6 {[%clk 0:10:57]} Rxf6
{[%clk 0:05:21]} 29. Kg1 {[%clk 0:10:17]} Bh5 {[%clk 0:01:30]} 30. Rxh5
{[%clk 0:10:22]} Qb8 {[%clk 0:00:27]} 31. Rb5 {[%clk 0:10:23]} Qf4
{[%clk 0:00:34]} 32. Rb1 {[%clk 0:10:22]} Ng8 {[%clk 0:00:32]} 33. e5
{[%clk 0:10:27]} Rg6 {[%clk 0:00:39]} 34. Bd3 {[%clk 0:10:30]} Rg3
{[%clk 0:00:26]} 35. Qe4 {[%clk 0:10:35]} Qh6 {[%clk 0:00:25]} 36. Kf2
{[%clk 0:10:42]} Rg6 {[%clk 0:00:31]} 37. Rb8 {[%clk 0:10:50]} Qh5
{[%clk 0:00:33]} 38. Qa8 {[%clk 0:10:28]} 1-0

[Event "Schools-U15-17Open"]
[Site "Tehran2016"]
[Date "2016.07.10"]
[Round "4.5"]
[White "Hakemi, Arman"]
[Black "Hejrati, Mohammad Mahdi"]
[Result "1-0"]
[BlackElo "1898"]
[WhiteElo "1964"]
[LiveChessVersion "1.4.8"]

1. d4 {[%clk 0:15:17]} d5 {[%clk 0:15:19]} 2. Nf3 {[%clk 0:15:25]} Nf6
{[%clk 0:15:28]} 3. e3 {[%clk 0:15:34]} e6 {[%clk 0:15:27]} 4. Bd3
{[%clk 0:15:42]} Be7 {[%clk 0:15:20]} 5. O-O {[%clk 0:15:49]} O-O
{[%clk 0:15:28]} 6. Nbd2 {[%clk 0:15:57]} b6 {[%clk 0:15:34]} 7. b3
{[%clk 0:15:58]} Nbd7 {[%clk 0:15:20]} 8. Bb2 {[%clk 0:16:04]} c5
{[%clk 0:15:24]} 9. Ne5 {[%clk 0:16:10]} Bb7 {[%clk 0:15:30]} 10. Qf3
{[%clk 0:16:17]} Qc7 {[%clk 0:14:52]} 11. Qh3 {[%clk 0:16:11]} g6
{[%clk 0:14:29]} 12. f4 {[%clk 0:15:05]} Ne4 {[%clk 0:13:49]} 13. Bxe4
{[%clk 0:14:26]} dxe4 {[%clk 0:13:57]} 14. Nxd7 {[%clk 0:14:07]} Qxd7
{[%clk 0:14:05]} 15. Nc4 {[%clk 0:14:15]} Bf6 {[%clk 0:13:17]} 16. Rad1
{[%clk 0:14:19]} Rad8 {[%clk 0:12:43]} 17. dxc5 {[%clk 0:13:37]} Qxd1
{[%clk 0:10:55]} 18. Bxf6 {[%clk 0:13:29]} Qh5 {[%clk 0:11:02]} 19. Qxh5
{[%clk 0:13:36]} gxh5 {[%clk 0:11:10]} 20. Bxd8 {[%clk 0:13:30]} Rxd8
{[%clk 0:11:19]} 21. Nd6 {[%clk 0:12:11]} Ba6 {[%clk 0:11:21]} 22. c4
{[%clk 0:11:39]} bxc5 {[%clk 0:11:17]} 23. Nxe4 {[%clk 0:11:44]} Bb7
{[%clk 0:10:27]} 24. Nxc5 {[%clk 0:11:39]} Ba8 {[%clk 0:10:37]} 25. h3
{[%clk 0:11:18]} h4 {[%clk 0:09:30]} 26. Rf2 {[%clk 0:11:06]} Kg7
{[%clk 0:09:08]} 27. Re2 {[%clk 0:10:54]} Rd1+ {[%clk 0:09:10]} 28. Kf2
{[%clk 0:10:59]} Kf6 {[%clk 0:08:56]} 29. Na4 {[%clk 0:10:29]} Rc1
{[%clk 0:08:56]} 30. e4 {[%clk 0:10:12]} e5 {[%clk 0:08:45]} 31. f5
{[%clk 0:09:59]} Kg5 {[%clk 0:08:41]} 32. Nb2 {[%clk 0:09:53]} Rc3
{[%clk 0:08:35]} 33. Na4 {[%clk 0:07:59]} Rc1 {[%clk 0:07:56]} 34. Ke3
{[%clk 0:07:46]} Bc6 {[%clk 0:07:23]} 35. Nb2 {[%clk 0:07:25]} f6
{[%clk 0:06:32]} 36. Nd3 {[%clk 0:07:30]} Ra1 {[%clk 0:06:16]} 37. Nb4
{[%clk 0:06:57]} Ba8 {[%clk 0:06:17]} 38. Nd5 {[%clk 0:07:05]} Rc1
{[%clk 0:06:12]} 39. Kd2 {[%clk 0:06:30]} Ra1 {[%clk 0:05:57]} 40. Kc3
{[%clk 0:06:32]} Rd1 {[%clk 0:05:50]} 41. b4 {[%clk 0:05:45]} a6 {[%clk 0:05:00]}
42. b5 {[%clk 0:03:59]} Bxd5 {[%clk 0:04:49]} 43. exd5 {[%clk 0:04:07]} axb5
{[%clk 0:04:55]} 44. cxb5 {[%clk 0:04:15]} Rxd5 {[%clk 0:04:50]} 45. Rb2
{[%clk 0:04:20]} Kf4 {[%clk 0:03:52]} 46. b6 {[%clk 0:04:26]} Rd8
{[%clk 0:03:58]} 47. b7 {[%clk 0:04:32]} Rb8 {[%clk 0:04:04]} 48. a4
{[%clk 0:04:38]} e4 {[%clk 0:04:03]} 49. a5 {[%clk 0:04:47]} e3 {[%clk 0:03:55]}
50. a6 {[%clk 0:04:53]} Kg3 {[%clk 0:03:06]} 51. a7 {[%clk 0:04:47]} 1-0

[Event "Schools-U15-17Open"]
[Site "Tehran2016"]
[Date "2016.07.10"]
[Round "4.6"]
[White "Loay, Sameer"]
[Black "Myradow, Soltan"]
[Result "1/2-1/2"]
[BlackElo "1854"]
[WhiteElo "1935"]
[LiveChessVersion "1.4.8"]

1. Nf3 {[%clk 0:14:39]} d5 {[%clk 0:15:16]} 2. g3 {[%clk 0:14:47]} c5
{[%clk 0:15:25]} 3. Bg2 {[%clk 0:14:55]} Nc6 {[%clk 0:15:35]} 4. O-O
{[%clk 0:15:02]} e5 {[%clk 0:15:44]} 5. d3 {[%clk 0:15:11]} f6 {[%clk 0:15:32]}
6. Nbd2 {[%clk 0:15:17]} Be6 {[%clk 0:15:41]} 7. e4 d4 8. Ne1 {[%clk 0:14:54]}
Qd7 {[%clk 0:15:46]} 9. f4 {[%clk 0:14:53]} Bd6 {[%clk 0:15:47]} 10. f5
{[%clk 0:14:13]} Bf7 {[%clk 0:15:56]} 11. a4 {[%clk 0:14:19]} Nge7
{[%clk 0:15:55]} 12. Nc4 {[%clk 0:14:24]} Bc7 {[%clk 0:16:02]} 13. Bd2
{[%clk 0:14:23]} Nc8 {[%clk 0:14:52]} 14. a5 {[%clk 0:13:43]} Nd6
{[%clk 0:14:55]} 15. b3 {[%clk 0:13:50]} Bxc4 {[%clk 0:13:42]} 16. dxc4
{[%clk 0:13:56]} Qd8 {[%clk 0:12:46]} 17. Nd3 {[%clk 0:13:56]} b6
{[%clk 0:12:47]} 18. Qg4 {[%clk 0:12:10]} Qe7 {[%clk 0:11:40]} 19. axb6
{[%clk 0:12:16]} Bxb6 {[%clk 0:11:49]} 20. Qe2 {[%clk 0:09:54]} O-O-O
{[%clk 0:08:32]} 21. Ra4 {[%clk 0:08:57]} g6 {[%clk 0:07:47]} 22. Kh1
{[%clk 0:07:43]} a5 {[%clk 0:05:13]} 23. Rfa1 {[%clk 0:05:47]} Nb7
{[%clk 0:05:17]} 24. Qe1 {[%clk 0:02:35]} Kc7 {[%clk 0:05:11]} 25. h3
{[%clk 0:01:14]} Rhe8 {[%clk 0:03:41]} 26. Kh2 {[%clk 0:00:50]} Nb4
{[%clk 0:02:53]} 27. Bxb4 {[%clk 0:00:46]} axb4 {[%clk 0:03:00]} 28. R1a2
{[%clk 0:00:23]} Qd7 {[%clk 0:02:38]} 29. Ra1 {[%clk 0:00:11]} Qc6
{[%clk 0:02:21]} 30. Qe2 {[%clk 0:00:17]} Nd6 {[%clk 0:02:23]} 31. Rf1
{[%clk 0:00:15]} g5 {[%clk 0:01:30]} 32. Rfa1 {[%clk 0:00:15]} Ra8
{[%clk 0:01:19]} 33. Nf2 {[%clk 0:00:14]} Rxa4 {[%clk 0:01:05]} 34. Rxa4
{[%clk 0:00:22]} Ra8 {[%clk 0:00:35]} 35. Rxa8 {[%clk 0:00:30]} Qxa8
{[%clk 0:00:45]} 36. Bf1 {[%clk 0:00:13]} Qe8 {[%clk 0:00:22]} 37. Qg4
{[%clk 0:00:14]} Kc6 {[%clk 0:00:23]} 38. h4 {[%clk 0:00:20]} h6 {[%clk 0:00:22]}
39. hxg5 {[%clk 0:00:26]} hxg5 {[%clk 0:00:31]} 40. Qh3 {[%clk 0:00:32]} Qf8
{[%clk 0:00:36]} 41. Qh7 {[%clk 0:00:38]} Bd8 {[%clk 0:00:41]} 42. Ng4
{[%clk 0:00:18]} Kb6 {[%clk 0:00:32]} 43. Bd3 {[%clk 0:00:22]} Nf7
{[%clk 0:00:24]} 44. Qg6 {[%clk 0:00:29]} Nd6 {[%clk 0:00:22]} 45. Kg2
{[%clk 0:00:26]} Kc6 {[%clk 0:00:24]} 1/2-1/2

[Event "Schools-U15-17Open"]
[Site "Tehran2016"]
[Date "2016.07.10"]
[Round "4.7"]
[White "Gholami Orimi, Mahdi"]
[Black "Khadem Erfani, Sobhan"]
[Result "1/2-1/2"]
[BlackElo "1821"]
[WhiteElo "1732"]
[LiveChessVersion "1.4.8"]

1. d4 Nf6 2. c4 g6 3. Nc3 Bg7 4. e4 d6 5. Bd3 e5 6. d5 O-O 7. Nge2 Nbd7 8. a3 a5
9. Rb1 Ne8 10. O-O f5 11. exf5 gxf5 12. Bc2 Ndf6 13. Bg5 Qe7 14. Ng3 f4 15. Nf5
Bxf5 16. Bxf5 Kh8 17. Be6 c6 18. f3 Nc7 19. Bh3 cxd5 20. Nxd5 Ncxd5 21. cxd5 Qf7
22. Be6 Qg6 23. Bxf6 Bxf6 24. Rf2 Bd8 25. Rc2 Bb6+ 26. Kh1 Rae8 27. Rbc1 Be3 28.
Rb1 Re7 29. Qe2 Rg7 30. Rd1 Bb6 31. Rc4 Bd4 32. b3 Bb6 33. Rdc1 Bd4 34. Rc8 Qf6
35. h3 Re7 36. R8c7 Bb6 37. Rxe7 Qxe7 38. Qb5 Bc5 39. b4 axb4 40. axb4 Be3 41.
Ra1 Rd8 42. Qa4 Qc7 43. Qb3 Kg7 44. Qd3 Ra8 45. Rd1 Qe7 46. Qf5 Qf6 1/2-1/2

[Event "Schools-U15-17Open"]
[Site "Tehran2016"]
[Date "2016.07.10"]
[Round "4.8"]
[White "Abbasi, Danial"]
[Black "Fendereski, Nima"]
[Result "0-1"]
[BlackElo "2096"]
[WhiteElo "1819"]
[LiveChessVersion "1.4.8"]

1. g3 e5 2. Bg2 Nc6 3. c4 f5 4. Nc3 d6 5. d3 g6 6. e4 Bg7 7. Nge2 Nge7 8. O-O O-O
9. Nd5 Be6 10. f4 Qd7 11. Be3 Nd8 12. d4 fxe4 13. dxe5 Bxd5 14. cxd5 dxe5 15.
Bxe4 Nf5 16. Bf2 Nd6 17. Bg2 exf4 18. Nxf4 Bxb2 19. Rb1 Be5 20. Nd3 Bf6 21. Nc5
Qg7 22. Qa4 Rf7 23. Rfe1 Bc3 24. Ne6 Qf6 25. Bc5 Nxe6 26. Rxe6 Qg5 27. Bxd6 cxd6
28. Rxd6 Raf8 29. Qc2 Bd4+ 30. Kh1 Rf2 31. Qe4 Qd2 32. Qe6+ Kh8 33. Qh3 Re2 34.
Rd7 Re1+ 35. Bf1 Rfxf1+ 36. Qxf1 Rxf1+ 37. Rxf1 Kg8 38. Rd8+ Kg7 39. Rd7+ Kh6 40.
Rxb7 Qe2 41. Rbf7 Qe4+ 42. R1f3 Qxd5 43. R7f4 Be5 44. Rf7 Qxa2 45. h4 Bxg3 46. h5
Qh2# 0-1